00513nam a22001697a 450000500170000001000130001702000130003003500130004303700090005608200080006510000360007324500620010924600550017126000360022627000590026230000220032120191213150847.0 aA-581294 c40.00a- aA-581294 bBPPD a080 aآ نند نر ا ين ملا aمضا مين نہر و cآ نند نر ا ين ملا aMazameen-e-Nehru (Urdu)bby Anand Narayan Mulla  aN.Delhic1992 ء bUrdu Acedemy aDelhi Ghata Masjid Road,Darya GanjbN.Delhik-e110002 a128 صc22 cm(hb)